Explaining consciousness : the "hard problem"
Αποθηκεύτηκε σε:
| Άλλοι συγγραφείς: | |
|---|---|
| Μορφή: | Βιβλίο |
| Γλώσσα: | English |
| Δημοσίευση: |
Cambridge, MA :
MIT Press,
c1997
|
| Θέματα: | |
| Ετικέτες: |
Προσθήκη ετικέτας
Δεν υπάρχουν, Καταχωρήστε ετικέτα πρώτοι!
|
MARC
| LEADER | 00000nam a2200000 i 4500 | ||
|---|---|---|---|
| 001 | 1/63796 | ||
| 008 | 071121s1997 eng d | ||
| 020 | |a 0-262-19388-4 | ||
| 035 | |l 10092430 | ||
| 040 | |a GR-MY-UA |b gre |e aacr | ||
| 041 | 0 | |a eng | |
| 082 | 0 | |a 126 |2 (22) | |
| 245 | 1 | 0 | |a Explaining consciousness : |b the "hard problem" / |c edited by Jonathan Shear |
| 260 | |a Cambridge, MA : |b MIT Press, |c c1997 | ||
| 300 | |a vii, 422 σ.; |b εικ.; |c 26 εκ. | ||
| 500 | |a "A Bradford Book". - Σελίδα τίτλου | ||
| 504 | |a Περιλαμβάνει βιβλιογραφίες | ||
| 650 | 0 | 0 | |a Consciousness. |
| 700 | 1 | |a Shear, J. |q (Jonathan) |4 edt | |
| 852 | |a INST |b SYROS |e 20071121 |h 126 EXP |p 005500006916 |q 005500006916 |t BK |y 0 | ||
| 901 | |a BIBL5-2007-3 | ||
| 909 | |a Ε |b 140306 | ||
| 922 | |a 5ΕΛΗ |b 200711 |c ΕΠΕΑΕΚ2/ΤΜΣΠΣ |d ΠΑΠΑΣΩΤΗΡΙΟΥ | ||
| 970 | |a ΚΟΝΤΟΥ |b ΠΑΡΑΣΚΕΥΗ |z 2007/11/21 | ||